Research on using of medical plant's market in phnom penh town, ការស្រាវជាវលើការប្រើប្រាស់រុក្ខជាតិឱសថនៅលើទៅផ្សារក្នុងរាជធានីភ្នំពេញ (Record no. 3354)

000 -LEADER
fixed length control field 00632nam a22001577a 4500
003 - CONTROL NUMBER IDENTIFIER
control field OSt
005 - DATE AND TIME OF LATEST TRANSACTION
control field 20151112140420.0
008 - FIXED-LENGTH DATA ELEMENTS--GENERAL INFORMATION
fixed length control field 151112b xxu||||| |||| 00| 0 eng d
040 ## - CATALOGING SOURCE
Transcribing agency RUA
082 ## - DEWEY DECIMAL CLASSIFICATION NUMBER
Classification number FOR SIM 2005 B132 Or.1
100 ## - MAIN ENTRY--PERSONAL NAME
9 (RLIN) 3603
Personal name SIM, SOMENG.
245 ## - TITLE STATEMENT
Title Research on using of medical plant's market in phnom penh town, ការស្រាវជាវលើការប្រើប្រាស់រុក្ខជាតិឱសថនៅលើទៅផ្សារក្នុងរាជធានីភ្នំពេញ
260 ## - PUBLICATION, DISTRIBUTION, ETC. (IMPRINT)
Place of publication, distribution, etc. Phnom Penh
Name of publisher, distributor, etc. RUA
Date of publication, distribution, etc. 2005
300 ## - PHYSICAL DESCRIPTION
Extent ix; 55p.
Other physical details [ill.
Dimensions 29cm.
942 ## - ADDED ENTRY ELEMENTS (KOHA)
Source of classification or shelving scheme
Koha item type FOR
Holdings
Price effective from Date last seen Permanent Location Not for loan Date acquired Source of classification or shelving scheme Koha item type Barcode Lost status Damaged status Shelving location Withdrawn status Current Location Full call number
2015-11-122015-11-12Library Block B 2015-11-12 FORRUA028001  B132 Library Block BFOR SIM 2005 B132 Or.1
2015-11-122015-11-12Library Block B 2015-11-12 FORRUA016605  B132 Library Block BFOR SIM 2005 B132 Or.2
2015-11-122015-11-12Library Block B 2015-11-12 FORRUA028664  B132 Library Block BFOR SIM 2005 B132 Or.3
មជ្ឈមណ្ឌលឯការនៃសាកលវិទ្យាល័យភូមិន្ទកសិកម្មចំការដូង

Powered by Koha